| 000 | 00920cam a22002411i 4500 | ||
|---|---|---|---|
| 003 | SA-RiAUC | ||
| 005 | 20260330142440.0 | ||
| 008 | 260215s1924 sy g 00010 ara c | ||
| 040 |
_aSA-RiAUC _bara _cSA-RiAUC _erda |
||
| 082 | 0 | 4 | _a252.5 |
| 090 |
_aم ن 252.5 _bب ي ض |
||
| 100 | 1 |
_aالبيضاوي، محمد بن علي بن محمد _eمؤلف. |
|
| 245 | 1 | 2 |
_aالدليل السالك إلى ترتيب المناسك / _cمحمد البيضاوي. |
| 264 | 1 |
_a[مكان النشر غير محدد] : _b[الناشر غير محدد]، _c[1924] |
|
| 264 | 3 |
_aدمشق : _bمطبعة الطرائف |
|
| 300 |
_a92 صفحة ؛ _c29 سم |
||
| 336 |
_aنص _btxt _2rdacontent _3كتاب |
||
| 337 |
_aبدون وسيط _bn _2rdamedia |
||
| 338 |
_aمجلد _bnc _2rdacarrier |
||
| 650 | 7 |
_aالحج (فقه إسلامي) _2aucsh |
|
| 942 |
_2ddc _cRBOOK COPY _n0 |
||
| 949 |
_aSA-JeALM _d260215 _umohamedma123 _n1 |
||
| 999 |
_c14703 _d14703 |
||